Observaciones sobre la composición, ecología, y zoogeografía de la avifauna de la Sierra de Chiribiquete, Caqueta, Colombia (Registro nro. 14919)
[ vista simple ]
| 000 -CABECERA | |
|---|---|
| Campo de control | 004560000a22001330004500 |
| 090 ## - CLASIFICACIÓN LOCAL | |
| Colección | AS |
| Consecutivo | Seriadas |
| 041 0# - IDIOMA | |
| Código de idioma para texto/pista de sonido o título separado | |
| 100 1# - ASIENTO PRINCIPAL--NOMBRE PERSONAL | |
| Nombre personal | Stiles, F. Gary |
| 245 10 - MENCION DE TITULO | |
| Título | Observaciones sobre la composición, ecología, y zoogeografía de la avifauna de la Sierra de Chiribiquete, Caqueta, Colombia |
| 700 1# - ASIENTO SECUNDARIO - NOMBRE PERSONAL | |
| Nombre personal | Telleria Geiger, José Luis |
| 700 1# - ASIENTO SECUNDARIO - NOMBRE PERSONAL | |
| Nombre personal | Díaz, Mario |
| 773 1# - Item fuente: | |
| Título | Caldasia |
| Especificación de materiales | 45 |
| Descripción física | 82-85 |
| Paginas del Articulo | 481-500 |
| Lugar, editorial y fecha de publicación | 1995 |
| Información sobre la relación | 17 |
| 942 ## - ELEMENTOS ADICIONALES (KOHA) | |
| Tipo de ítem | Artículo |
No hay ítems disponibles.